000 00796nam a2200253Ia 4500
003 GCL
008 140319s9999 xx 000 0 ara d
040 _aGCL /
_cGCL
082 0 4 _aط
_b782.43
_bم ك
100 1 _aأ. رعد
245 1 0 _aكتب الفراشة - قصائد واناشيد :اعياد الطفولة /
_cأ. رعد
250 _aالاولى
260 _aبيروت :
_bمكتبة لبنان ،
_c1992
300 _a32 ص ؛
_c24 سم
490 _aكتب الفراشة - قصائد وأناشيد
_v1
650 0 4 _aالاطفال
650 0 4 _aدواوين وقصائد
650 0 4 _aالاغانى
650 0 4 _aادب الاطفال
650 0 4 _aكتب الاطفال
650 0 4 _aاغانى الاطفال
650 0 4 _aالاناشيد
942 _2ddc
_cBK
999 _c32347
_d32347